000 00502nam a2200181 a 4500
001 1921
005 20140414131925.0
008 030116s19uu xx 00 eng d
020 _a0-307-02122-X
050 _aER
_bW44 1965
100 _aCassidy, Clara
245 _aWe like kindergarten /
_cby Clara Cassidy ; pictures by Eloise Wilkin.
260 _aNew York :
_bA Golden Book,
_c1965.
300 _a1 v. p. ; cm.
650 _aSchool - Stories.
650 _aChildren stories.
999 _c111949
_d111949